| 000 | 00357nam a2200133Ia 4500 | ||
|---|---|---|---|
| 008 | 230312s9999||||xx |||||||||||||| ||und|| | ||
| 020 | _a9780538450706 | ||
| 082 |
_a005.5 _bNAP-L |
||
| 100 | _aSatzinger | ||
| 245 | 0 | _aSystems analysis and design in a changing world | |
| 260 |
_bCengage _aUSA _c2012 |
||
| 650 |
_aEngineering _vMicrosoft Office |
||
| 942 | _cBK | ||
| 999 |
_c17574 _d17574 |
||